[Event "XXXIII C.to Italiano a squadre A1 Finali"]
[Site "Palermo ITA"]
[Date "2001.06.24"]
[Round "2"]
[White "Godena, Michele"]
[Black "Arlandi, Ennio"]
[Result "1/2-1/2"]
[WhiteElo "2494"]
[BlackElo "2423"]
[PlyCount "56"]
[EventDate "2001.06.23"]

1. e4 c5 2. Nf3 e6 3. c3 d5 4. exd5 Qxd5 5. d4 Nf6 6. Na3 Qd8 7. Bf4 Nc6 8.
dxc5 Nd5 9. Bd6 Bxd6 10. cxd6 Qxd6 11. Nb5 Qe7 12. Bc4 O-O 13. O-O Nb6 14. Bb3
Rd8 15. Nbd4 Bd7 16. Re1 Qf6 17. Qe2 Nxd4 18. Nxd4 Ba4 19. Qe4 Bxb3 20. Nxb3
Rd5 21. Rad1 Rad8 22. Rxd5 Rxd5 23. g3 h5 24. Re2 Nd7 25. Rd2 Nc5 26. Qc2 Qe5
27. Rxd5 Qxd5 28. Nxc5 Qxc5 1/2-1/2

[Event "II Festival A"]
[Site "Lido degli Estensi - Comacchio ITA"]
[Date "2001.06.02"]
[Round "1"]
[White "Brumen, Dinko"]
[Black "Diotallevi, Maurizio"]
[Result "0-1"]
[WhiteElo "2458"]
[BlackElo "2088"]
[PlyCount "87"]
[EventDate "2001.06.02"]

1.d4 d5 2.Bg5 Nd7 3.c4 c6 4.Nc3 Ngf6 5.cxd5 cxd5 6.Qa4 e6 7.Bxf6 gxf6 8.e3
Be7 9.Bd3 O-O 10.Nge2 f5 11.h3 Nf6 12.g4 Ne4 13.gxf5 exf5 14.Nf4 Nxc3 15.
bxc3 Be6 16.Qd1 Kh8 17.Qh5 Qd7 18.Rg1 Rg8 19.Ke2 Rxg1 20.Rxg1 Rg8 21.Rxg8+
Kxg8 22.Qh6 Bf8 23.Qg5+ Kh8 24.Nh5 Qe7 25.Nf6 Bg7 26.Nxh7 Qxg5 27.Nxg5 Bf6
28.h4 Kg7 29.Kf3 Be7 30.Bc2 b5 31.Kg3 Bd6+ 32.Kf3 Be7 33.Bd3 a6 34.Bf1 Kg6
35.Ke2 Bxg5 36.hxg5 Kxg5 37.Kf3 Bd7 38.Kg3 Be6 39.Bg2 f6 40.Bh1 Bf7 41.Bf3
Be6 42.Be2 Bd7 43.Bd1 Be8 44.Kf3 0-1

[Event "II Festival A"]
[Site "Lido degli Estensi - Comacchio ITA"]
[Date "2001.06.02"]
[Round "1"]
[White "Bukal, Vladimir jr"]
[Black "Costantini, Laura"]
[Result "1-0"]
[WhiteElo "2392"]
[BlackElo "1924"]
[PlyCount "63"]
[EventDate "2001.06.02"]

1.d4 Nf6 2.c4 g6 3.Nc3 Bg7 4.Nf3 O-O 5.g3 d6 6.Bg2 Nc6 7.O-O Bf5 8.Re1 Ne4
9.Nd5 Bd7 10.Be3 f5 11.Qb3 Rb8 12.Nf4 Kh8 13.d5 Ne5 14.Nd4 Nc5 15.Qc3 Ng4 
16.b4 e5 17.dxe6 Nxe6 18.Qd2 Nxf4 19.Bxf4 Ne5 20.Rac1 Nc6 21.Nb3 Be5 22.
Bxe5+ Nxe5 23.Red1 Bc6 24.Qc3 Qf6 25.Bxc6 Nxc6 26.Qxf6+ Rxf6 27.b5 Ne5 28.
c5 Rd8 29.Rd4 Kg8 30.Ra4 dxc5 31.Rxc5 a6 32.Rxe5 1-0

[Event "II Festival A"]
[Site "Lido degli Estensi - Comacchio ITA"]
[Date "2001.06.02"]
[Round "1"]
[White "Chiodini, Pietro"]
[Black "Lagrotteria, Salvatore"]
[Result "0-1"]
[WhiteElo "1492"]
[BlackElo "2201"]
[PlyCount "38"]
[EventDate "2001.06.02"]

1.e4 g6 2.d4 Bg7 3.Nf3 d6 4.h3 Nd7 5.Be3 c5 6.c3 b6 7.Bc4 h6 8.dxc5 Nxc5 
9.b4 Ne6 10.Bd5 Bd7 11.Bxa8 Qxa8 12.Nfd2 Nf6 13.f3 d5 14.exd5 Nxd5 15.Qe2 
Nxb4 16.Na3 Bxc3 17.Rb1 Nd5 18.O-O Nxe3 19.Qxe3 Bd4 0-1

[Event "II Festival A"]
[Site "Lido degli Estensi - Comacchio ITA"]
[Date "2001.06.02"]
[Round "1"]
[White "Del Vecchio, Gastone"]
[Black "Vezzani, Stefano"]
[Result "0-1"]
[WhiteElo "1578"]
[BlackElo "2230"]
[PlyCount "54"]
[EventDate "2001.06.02"]

1.e4 e5 2.Nf3 Nc6 3.Bc4 Nf6 4.Qe2 Bc5 5.c3 d6 6.b4 Bb6 7.a4 a5 8.b5 Ne7 9.
h3 Ng6 10.d4 exd4 11.cxd4 O-O 12.O-O d5 13.exd5 Nxd5 14.Bb2 Ngf4 15.Qd2 
Qf6 16.Bxd5 Nxd5 17.Qg5 Qxg5 18.Nxg5 Bf5 19.Nd2 Rad8 20.Ngf3 Nb4 21.Nc4 
Bd3 22.Rfc1 Nc2 23.Ba3 Nxa1 24.Bxf8 Nb3 25.Nxb6 Nxc1 26.Be7 Re8 27.Nd5 c6 
0-1

[Event "II Festival A"]
[Site "Lido degli Estensi - Comacchio ITA"]
[Date "2001.06.02"]
[Round "1"]
[White "Di Lazzaro, Gabriele"]
[Black "Borgo, Giulio"]
[Result "0-1"]
[WhiteElo "1975"]
[BlackElo "2408"]
[PlyCount "53"]
[EventDate "2001.06.02"]

1.Nf3 c5 2.g3 Nc6 3.Bg2 g6 4.d4 cxd4 5.Nxd4 Bg7 6.c3 d5 7.O-O e6 8.Re1 
Nge7 9.Nxc6 bxc6 10.Nd2 f5 11.Qa4 O-O 12.Nf3 e5 13.Bg5 e4 14.Qa3 Rf7 15.
Nd4 Bd7 16.Qd6 Qe8 17.Ne6 Bxe6 18.Qxe6 Kh8 19.e3 Rd8 20.a4 h6 21.h4 hxg5 
22.hxg5 Rf8 23.Bxe4 fxe4 24.Kg2 Qf7 25.Qh3+ Kg8 26.Re2 Qf3+ 27.Kf1 0-1

[Event "II Festival A"]
[Site "Lido degli Estensi - Comacchio ITA"]
[Date "2001.06.02"]
[Round "1"]
[White "Galiano, Salvatore"]
[Black "Tocco, Paolo"]
[Result "0-1"]
[WhiteElo "1317"]
[BlackElo "2144"]
[PlyCount "128"]
[EventDate "2001.06.02"]

1.e4 e5 2.Nf3 Nc6 3.a3 g6 4.d4 exd4 5.Nxd4 Bg7 6.Nxc6 bxc6 7.Nc3 Qe7 8.f3 
d5 9.Bd3 dxe4 10.fxe4 Nf6 11.O-O O-O 12.h3 Rb8 13.Qf3 Nd7 14.Na4 Ne5 15.
Qe2 Nxd3 16.cxd3 Ba6 17.Qc2 Qd6 18.Rf3 Rfd8 19.Nc5 Bd4+ 20.Be3 Rxb2 21.Qc1
Bxe3+ 22.Qxe3 Bc8 23.Raf1 Rc2 24.Nb3 Be6 25.d4 Qxa3 26.Nc5 Qxe3+ 27.Rxe3 
Rxd4 28.Nxe6 fxe6 29.Rf6 Rdd2 30.Rg3 a5 31.Rxe6 Kf7 32.Re5 Ra2 33.Rc5 Rdc2
34.Re5 a4 35.Rf3+ Kg7 36.Re7+ Kh6 37.Rg3 a3 38.Rxc7 Ra1+ 39.Kh2 a2 40.Ra7 
Re1 41.Rga3 Ree2 42.Rg3 Rxe4 43.Rga3 Ree2 44.Rg3 c5 45.h4 c4 46.Kh3 c3 47.
Rd3 a1=Q 48.Rxa1 Rxg2 49.Rg3 Rxg3+ 50.Kxg3 Rd2 51.Rc1 c2 52.Kg4 Rd4+ 53.
Kh3 Rc4 54.Kg3 Kh5 55.Kf3 Kxh4 56.Ke3 h5 57.Kd3 Rc6 58.Ke3 Kg4 59.Rg1+ Kf5
60.Rf1+ Ke5 61.Rc1 g5 62.Kf2 Rc3 63.Re1+ Kd4 64.Rc1 Kd3 0-1

[Event "II Festival A"]
[Site "Lido degli Estensi - Comacchio ITA"]
[Date "2001.06.02"]
[Round "1"]
[White "Gatta, Giorgio"]
[Black "Formanek, Edward W."]
[Result "0-1"]
[WhiteElo "1849"]
[BlackElo "2293"]
[PlyCount "108"]
[EventDate "2001.06.02"]

1.d4 Nf6 2.Nf3 c5 3.e3 e6 4.Bd3 b6 5.Qe2 Be7 6.O-O Bb7 7.Nbd2 d6 8.b3 Nbd7
9.Bb2 O-O 10.c4 d5 11.Rac1 Ne4 12.cxd5 exd5 13.dxc5 bxc5 14.Ne5 Nxd2 15.
Qxd2 a5 16.Bb5 Nf6 17.Nc6 Qd6 18.Nxe7+ Qxe7 19.Bxf6 gxf6 20.Qc3 Rfc8 21.
Qd3 Rc7 22.Qf5 Qe5 23.Bd3 Qxf5 24.Bxf5 a4 25.Rc3 axb3 26.axb3 Ra3 27.Rfc1 
c4 28.bxc4 Rxc4 29.Rxc4 dxc4 30.h4 Ba6 31.Kh2 h6 32.Kg3 Ra5 33.Kf4 Kf8 34.
g4 Ke7 35.Ke4 Bb5 36.Kd4 Kd6 37.f4 Ra2 38.Kc3 Kc5 39.Rc2 Ra1 40.Be4 Ba4 
41.Re2 Bd7 42.Rg2 Ra3+ 43.Kd2 Ba4 44.g5 hxg5 45.fxg5 f5 46.Bb1 f4 47.exf4 
Rh3 48.f5 c3+ 49.Ke2 Rh1 50.Bd3 Bb5 51.Bxb5 c2 52.Kd3 c1=Q 53.Rc2+ Qxc2+ 
54.Kxc2 Kxb5 0-1

[Event "II Festival A"]
[Site "Lido degli Estensi - Comacchio ITA"]
[Date "2001.06.02"]
[Round "1"]
[White "Genocchio, Daniele"]
[Black "Gandolfi, Gianfranco"]
[Result "1-0"]
[WhiteElo "2278"]
[BlackElo "1743"]
[PlyCount "57"]
[EventDate "2001.06.02"]

1.e4 e6 2.d4 d5 3.Nd2 dxe4 4.Nxe4 Nd7 5.Nf3 Ngf6 6.Bd3 h6 7.Ng3 b6 8.O-O 
Bb7 9.c4 Bd6 10.Re1 O-O 11.Bd2 c5 12.Bc3 Qc7 13.dxc5 Bxc5 14.b4 Bd6 15.Nd4
a6 16.Rc1 Rac8 17.a3 Qb8 18.Ba1 Rfd8 19.Qe2 Bf4 20.Rcd1 Nf8 21.Nf3 N8h7 
22.Ne5 Ng5 23.h4 Ngh7 24.Nxf7 Kxf7 25.Qxe6+ Kf8 26.Qe7+ Kg8 27.Bxh7+ Kxh7 
28.Bxf6 Rg8 29.Rd7 1-0

[Event "II Festival A"]
[Site "Lido degli Estensi - Comacchio ITA"]
[Date "2001.06.02"]
[Round "1"]
[White "Heinlein, Reinhold"]
[Black "Russo, Carmelo"]
[Result "1-0"]
[WhiteElo "2185"]
[BlackElo "1384"]
[PlyCount "97"]
[EventDate "2001.06.02"]

1.d4 Nf6 2.c4 g6 3.Nc3 d5 4.cxd5 Nxd5 5.e4 Nxc3 6.bxc3 Bg7 7.Bc4 c5 8.Ne2 
cxd4 9.cxd4 O-O 10.O-O Nc6 11.Be3 Bg4 12.f3 Bd7 13.Rc1 e6 14.f4 Na5 15.Bd3
f5 16.e5 Rc8 17.Qd2 Bc6 18.Nc3 a6 19.Be2 b5 20.Nd1 Bb7 21.Rxc8 Bxc8 22.Qb4
Rf7 23.Nb2 Bf8 24.Qd2 Rd7 25.Rc1 Bb7 26.Qc3 Nc6 27.Rd1 Bb4 28.Qb3 Kf7 29.
Nd3 Ba5 30.Nc5 Nxd4 31.Rxd4 Bd5 32.Qa3 b4 33.Qd3 Qh4 34.Bf2 Qe7 35.Nxd7 
Qxd7 36.Qxa6 Qc7 37.Rd1 Bxa2 38.Qa7 Bd5 39.Qxc7+ Bxc7 40.Rb1 Ba5 41.Bc5 
Be4 42.Rb2 Bd5 43.Bxb4 Bb6+ 44.Kf1 Be3 45.Bd2 Bd4 46.Rc2 g5 47.g3 g4 48.
Rc7+ Kg8 49.Bc4 1-0

[Event "II Festival A"]
[Site "Lido degli Estensi - Comacchio ITA"]
[Date "2001.06.02"]
[Round "1"]
[White "Lazarev, Vladimir"]
[Black "Caoili, Arianne"]
[Result "1-0"]
[WhiteElo "2500"]
[BlackElo "2140"]
[PlyCount "131"]
[EventDate "2001.06.02"]

1.d4 Nf6 2.c4 e6 3.Nc3 Bb4 4.Qc2 O-O 5.a3 Bxc3+ 6.Qxc3 b6 7.Bg5 h6 8.Bh4 
Bb7 9.f3 d5 10.e3 Re8 11.Nh3 Nbd7 12.cxd5 Nxd5 13.Bxd8 Nxc3 14.Bh4 Nd5 15.
Bf2 f5 16.Rc1 e5 17.Kd2 exd4 18.exd4 Nf8 19.Bd3 g6 20.Rhe1 Rxe1 21.Rxe1 
Kf7 22.Bc4 Ne6 23.Bg3 Nxd4 24.Kd3 Ne6 25.Rxe6 Kxe6 26.Nf4+ Kf7 27.Bxd5+ 
Bxd5 28.Nxd5 Rd8 29.Kc4 c6 30.Nb4 Rc8 31.Nd3 Ke6 32.Be1 Re8 33.Bd2 g5 34.
h4 Rg8 35.hxg5 hxg5 36.g4 fxg4 37.fxg4 Kf6 38.Nf2 Re8 39.Kd3 Rd8+ 40.Ke3 
Rd5 41.Bc3+ Ke6 42.Ne4 Kf7 43.b4 Kg6 44.Bd4 Rd7 45.Nf2 Re7+ 46.Kf3 Rf7+ 
47.Ke4 Re7+ 48.Be5 Rh7 49.Bg3 Re7+ 50.Be5 Rh7 51.Nd3 Re7 52.Kd4 Rd7+ 53.
Kc4 Kf7 54.Bd4 Ke6 55.Ne5 Rd6 56.Nf3 Rd5 57.Be3 Kf6 58.a4 Kg6 59.b5 Rd6 
60.Ne5+ Kf6 61.Nxc6 Rd7 62.a5 Rb7 63.a6 Rh7 64.Kd5 Rd7+ 65.Ke4 Rh7 66.Bxb6
1-0

[Event "II Festival A"]
[Site "Lido degli Estensi - Comacchio ITA"]
[Date "2001.06.02"]
[Round "1"]
[White "Lazic, Miroljub"]
[Black "Mayers, Dan E."]
[Result "1-0"]
[WhiteElo "2475"]
[BlackElo "2115"]
[PlyCount "45"]
[EventDate "2001.06.02"]

1.g3 c5 2.Bg2 Nc6 3.e4 e5 4.d3 g6 5.f4 d6 6.Nf3 Bg7 7.fxe5 dxe5 8.Be3 b6 
9.Qd2 Nge7 10.Bh6 O-O 11.Nc3 Bg4 12.O-O-O Rb8 13.h4 f5 14.Bxg7 Kxg7 15.
Rdf1 f4 16.Nh2 Be6 17.gxf4 b5 18.f5 Bg8 19.Ng4 Nc8 20.Qh6+ Kh8 21.fxg6 
Rxf1+ 22.Rxf1 Qd7 23.Rf7 1-0

[Event "II Festival A"]
[Site "Lido degli Estensi - Comacchio ITA"]
[Date "2001.06.02"]
[Round "1"]
[White "Logallo, Claudio"]
[Black "Trabert, Bettina"]
[Result "0-1"]
[WhiteElo "1720"]
[BlackElo "2269"]
[PlyCount "56"]
[EventDate "2001.06.02"]

1.e4 e5 2.Nf3 Nc6 3.d4 exd4 4.Bc4 Nf6 5.O-O Nxe4 6.Re1 d5 7.Bxd5 Qxd5 8.
Nc3 Qa5 9.Nxe4 Be6 10.Bd2 Qf5 11.Nh4 Qd5 12.Bg5 Be7 13.Bxe7 Nxe7 14.c4 
dxc3 15.Qxd5 Nxd5 16.bxc3 O-O-O 17.Ng5 Nxc3 18.Nxe6 fxe6 19.Rxe6 Rhe8 20.
Re3 Rxe3 21.fxe3 Rd1+ 22.Rxd1 Nxd1 23.Nf5 g6 24.Ne7+ Kd7 25.Nd5 Kd6 26.Nf6
h5 27.g4 hxg4 28.Nxg4 b5 0-1

[Event "II Festival A"]
[Site "Lido degli Estensi - Comacchio ITA"]
[Date "2001.06.02"]
[Round "1"]
[White "Martinovic, Slobodan"]
[Black "Trifunovic, Dusan"]
[Result "1-0"]
[WhiteElo "2433"]
[BlackElo "2055"]
[PlyCount "107"]
[EventDate "2001.06.02"]

1.Nf3 Nc6 2.d4 d5 3.Bf4 Bg4 4.e3 e6 5.c4 Bd6 6.cxd5 exd5 7.Bg3 Nf6 8.Nc3 
O-O 9.Be2 Re8 10.O-O Bxg3 11.hxg3 Ne7 12.Qb3 Qd6 13.Rfc1 Qb6 14.Qxb6 axb6 
15.Nb5 c6 16.Nc7 b5 17.Nxa8 Rxa8 18.Kf1 Nd7 19.Ne5 Nxe5 20.dxe5 Bxe2+ 21.
Kxe2 Kf8 22.Rh1 h6 23.a3 Ra4 24.Rad1 Re4 25.Rh5 c5 26.Rd3 Ke8 27.f3 Ra4 
28.Kd1 c4 29.Rd4 b4 30.axb4 Rxb4 31.Kc1 Rb5 32.e4 Rc5 33.Rh1 dxe4 34.Rxe4 
Nf5 35.Rh3 b5 36.g4 Ne7 37.Rh1 Nc6 38.f4 Nb4 39.Rf1 Nd3+ 40.Kc2 Ke7 41.Ra1
Nb4+ 42.Kc3 Nc6 43.Ra8 Rd5 44.Re3 Rc5 45.Rc8 b4+ 46.Kd2 Rd5+ 47.Ke1 Na5 
48.Rb8 Nc6 49.Rb7+ Kf8 50.Rc7 Ne7 51.Rxc4 Rb5 52.Rd3 g5 53.g3 Ke8 54.Kf2 
1-0

[Event "II Festival A"]
[Site "Lido degli Estensi - Comacchio ITA"]
[Date "2001.06.02"]
[Round "1"]
[White "Mauro, Alan"]
[Black "Tomelleri, Alessio"]
[Result "1-0"]
[WhiteElo "2225"]
[BlackElo "1543"]
[PlyCount "61"]
[EventDate "2001.06.02"]

1.e4 e5 2.Nf3 Nf6 3.Nc3 Bb4 4.Bc4 d6 5.d3 O-O 6.h3 Be6 7.Bb3 h6 8.O-O Bxc3
9.bxc3 Qe7 10.Re1 Re8 11.Rb1 b6 12.Bxe6 fxe6 13.d4 exd4 14.cxd4 Qf7 15.c4 
Nc6 16.Qc2 Rac8 17.Bd2 e5 18.d5 Nb8 19.Nh4 Nbd7 20.Nf5 Kh8 21.Rb3 Nh5 22.
Rf3 Ndf6 23.g4 Nf4 24.Bxf4 exf4 25.Rxf4 Re5 26.Nd4 Qg6 27.Nc6 Qg5 28.Nxe5 
dxe5 29.Rf5 Qh4 30.Qc3 Re8 31.Kg2 1-0

[Event "II Festival A"]
[Site "Lido degli Estensi - Comacchio ITA"]
[Date "2001.06.02"]
[Round "1"]
[White "Mukic, Josko"]
[Black "Burani, Eugenio"]
[Result "1-0"]
[WhiteElo "2268"]
[BlackElo "1705"]
[PlyCount "57"]
[EventDate "2001.06.02"]

1.Nf3 Nf6 2.b3 d5 3.Bb2 c5 4.e3 Nc6 5.Bb5 Bd7 6.O-O e6 7.d3 Be7 8.Nbd2 O-O
9.Bxc6 Bxc6 10.Ne5 Qc7 11.f4 Rad8 12.Rf3 d4 13.Rg3 dxe3 14.Nxc6 Qxc6 15.
Ne4 e5 16.Nxf6+ Bxf6 17.fxe5 Be7 18.Qg4 g6 19.Qf4 c4 20.Qxc4 Qxc4 21.bxc4 
Bc5 22.Kf1 Rfe8 23.Ke2 Re6 24.Rf1 Ra6 25.Ra1 Re6 26.Rg4 h5 27.Rf4 Rde8 28.
d4 Bb6 29.Raf1 1-0

[Event "II Festival A"]
[Site "Lido degli Estensi - Comacchio ITA"]
[Date "2001.06.02"]
[Round "1"]
[White "Naumkin, Igor"]
[Black "Ruzza, Claudio"]
[Result "1-0"]
[WhiteElo "2446"]
[BlackElo "2088"]
[PlyCount "57"]
[EventDate "2001.06.02"]

1.d4 g6 2.c4 Bg7 3.e4 d6 4.Nc3 Nc6 5.d5 Nd4 6.Be3 c5 7.Nge2 Nxe2 8.Bxe2 
Nf6 9.O-O O-O 10.Qd2 Ne8 11.f4 f5 12.Bf3 Nc7 13.exf5 gxf5 14.Ne2 b5 15.Ng3
bxc4 16.Nh5 Bh8 17.Be2 Qe8 18.Rf3 h6 19.Rh3 Rb8 20.Bxc4 Rxb2 21.Qe1 Kh7 
22.Rb1 Rxb1 23.Qxb1 Bd7 24.g4 Qg6 25.g5 hxg5 26.Nf6+ Kg7 27.Nxd7 gxf4+ 28.
Kh1 fxe3 29.Nxf8 1-0

[Event "II Festival A"]
[Site "Lido degli Estensi - Comacchio ITA"]
[Date "2001.06.02"]
[Round "1"]
[White "Navarro, Emanuele"]
[Black "Nikolic, Stanimir"]
[Result "0-1"]
[WhiteElo "1924"]
[BlackElo "2366"]
[PlyCount "126"]
[EventDate "2001.06.02"]

1.d4 d5 2.Nf3 Nf6 3.Bg5 Ne4 4.Bf4 Nd7 5.e3 e6 6.h4 c5 7.c3 Bd6 8.Bxd6 Nxd6
9.dxc5 Nxc5 10.Qd4 Qb6 11.b4 Nce4 12.Qxg7 Rf8 13.Qd4 Qc7 14.Be2 Bd7 15.O-O
Nf5 16.Qd3 Rc8 17.Rc1 Nxf2 18.Kxf2 Qg3+ 19.Kg1 Rg8 20.Ne1 Nxh4 21.Bf1 Nf5 
22.Na3 Nxe3 23.Rab1 Rg4 24.Nac2 Nxf1 25.Kxf1 Rxc3 26.Qxg3 Rcxg3 27.Kf2 Rc3
28.Rd1 Rf4+ 29.Kg1 Ba4 30.Rd2 Ke7 31.Nd4 Rc4 32.Ndc2 Rfe4 33.Kf2 Rc3 34.
Rb2 Rf4+ 35.Kg1 Rfc4 36.Kf2 Kd6 37.Ke2 f5 38.Nd4 f4 39.Rd3 e5 40.Nf5+ Ke6 
41.Ng7+ Kf6 42.Nh5+ Kg6 43.Nxf4+ exf4 44.Rxd5 Bc6 45.Rd6+ Kf5 46.Kf2 Rc1 
47.b5 Be4 48.Rd7 Ke6 49.Rg7 Rc7 50.Rg8 Bd5 51.Rf8 Rf7 52.Rd8 Bc4 53.Rc8 
Rd7 54.Re8+ Kf5 55.Rf8+ Kg4 56.Re8 Ra1 57.a4 Kf5 58.Rf8+ Bf7 59.Nd3 Kf6 
60.Nc5 Re7 61.Kf3 b6 62.Ne4+ Kg7 63.Rd8 Ra3+ 0-1

[Event "II Festival A"]
[Site "Lido degli Estensi - Comacchio ITA"]
[Date "2001.06.02"]
[Round "1"]
[White "Opacic, Alexandar"]
[Black "Bukal, Vladimir sr"]
[Result "0-1"]
[WhiteElo "1921"]
[BlackElo "2439"]
[PlyCount "48"]
[EventDate "2001.06.02"]

1.e4 e6 2.g3 d5 3.Bg2 Nf6 4.e5 Nfd7 5.Qe2 c5 6.Nf3 Nc6 7.O-O g5 8.Nc3 g4 
9.Nh4 Ndxe5 10.f4 gxf3 11.Nxf3 Bg7 12.Nxe5 Nxe5 13.d3 O-O 14.Qh5 f5 15.Ne2
Bd7 16.Nf4 Ng4 17.c3 Be8 18.Qh3 Qb6 19.Re1 c4+ 20.d4 Bxd4+ 21.cxd4 Qxd4+ 
22.Be3 Nxe3 23.Nxe6 Qb6 24.Qh4 Ng4+ 0-1

[Event "II Festival A"]
[Site "Lido degli Estensi - Comacchio ITA"]
[Date "2001.06.02"]
[Round "1"]
[White "Popa, Claudiu"]
[Black "Cebalo, Miso"]
[Result "0-1"]
[WhiteElo "2101"]
[BlackElo "2465"]
[PlyCount "95"]
[EventDate "2001.06.02"]

1.e4 c5 2.c3 d5 3.exd5 Qxd5 4.d4 g6 5.Nf3 Bg7 6.dxc5 Qxc5 7.Be3 Qa5 8.Bc4 
Nf6 9.O-O O-O 10.Qe2 Nc6 11.Nbd2 Qc7 12.h3 b6 13.Nd4 e5 14.Nxc6 Qxc6 15.
Bb5 Qc7 16.Qc4 Qe7 17.Bc6 Be6 18.Qa4 Rad8 19.Nf3 Nd5 20.Rfe1 f6 21.Rad1 
Qf7 22.a3 Nxe3 23.Rxd8 Rxd8 24.Rxe3 h6 25.Qa6 Qc7 26.Qb7 Qxb7 27.Bxb7 Kf7 
28.Re2 Rd1+ 29.Kh2 h5 30.Rd2 Rxd2 31.Nxd2 Bh6 32.Ne4 Ke7 33.b4 f5 34.Ng3 
Bd2 35.Nf1 Bxc3 36.g4 hxg4 37.hxg4 f4 38.g5 a5 39.Bc6 Bc4 40.Kg2 Ke6 41.
Be4 Bd5 42.Kf3 Bb2 43.Nh2 Bxa3 44.Ng4 Bxb4 45.Nf6 Bxe4+ 46.Kxe4 Be7 47.Nd5
Bd8 48.f3 0-1

[Event "II Festival A"]
[Site "Lido degli Estensi - Comacchio ITA"]
[Date "2001.06.02"]
[Round "1"]
[White "Ricci, Alfredo"]
[Black "Skembris, Spyridon"]
[Result "0-1"]
[WhiteElo "2088"]
[BlackElo "2450"]
[PlyCount "52"]
[EventDate "2001.06.02"]

1.e4 e5 2.Nf3 Nc6 3.d4 exd4 4.Nxd4 Bc5 5.Nxc6 Qf6 6.Qf3 bxc6 7.Nc3 d6 8.
Be2 Bd4 9.O-O Qxf3 10.Bxf3 Rb8 11.Ne2 Be5 12.Rb1 Ne7 13.b3 f5 14.Be3 c5 
15.Nf4 Bb7 16.Nd3 fxe4 17.Nxe5 exf3 18.Nxf3 Bxf3 19.gxf3 O-O 20.Rfe1 Ng6 
21.Kg2 Nh4+ 22.Kg3 Nxf3 23.Re2 Rbe8 24.c3 Re6 25.Rc2 Rg6+ 26.Kh3 Rf5 0-1

[Event "II Festival A"]
[Site "Lido degli Estensi - Comacchio ITA"]
[Date "2001.06.02"]
[Round "1"]
[White "Rivola, Franco"]
[Black "Costantini, Roberto"]
[Result "0-1"]
[WhiteElo "1704"]
[BlackElo "2268"]
[PlyCount "52"]
[EventDate "2001.06.02"]

1.Nf3 Nf6 2.d4 c5 3.d5 b5 4.Bg5 Ne4 5.Bf4 Bb7 6.e3 Qb6 7.Qd3 Nf6 8.d6 c4 
9.Qd4 Qa5+ 10.Qc3 Qa6 11.dxe7 Bxe7 12.Bxb8 Rxb8 13.Qe5 d6 14.Qg5 O-O 15.
Nd4 Nd5 16.Qg3 Bf6 17.Be2 Nb4 18.Na3 c3 19.Naxb5 Nxc2+ 20.Nxc2 cxb2 21.Rd1
Qa5+ 22.Kf1 Qxa2 23.Nca3 Ba6 24.Qxd6 Bxb5 25.Bxb5 Rxb5 26.Qd3 Rb3 0-1

[Event "II Festival A"]
[Site "Lido degli Estensi - Comacchio ITA"]
[Date "2001.06.02"]
[Round "1"]
[White "Tatai, Stefano"]
[Black "Barletta, Antonio"]
[Result "1-0"]
[WhiteElo "2352"]
[BlackElo "1902"]
[PlyCount "67"]
[EventDate "2001.06.02"]

1.e4 c5 2.Nf3 e6 3.d4 cxd4 4.Nxd4 a6 5.Bd3 Qc7 6.O-O Nf6 7.Qe2 h5 8.h3 Bc5
9.Nb3 Ng4 10.hxg4 hxg4 11.e5 Ba7 12.Qxg4 Qxe5 13.Bf4 Qf6 14.Qg5 Qxg5 15.
Bxg5 Nc6 16.N1d2 d5 17.Rfe1 Bd7 18.c3 f6 19.Be3 Bxe3 20.Rxe3 O-O-O 21.Nc5 
e5 22.Nxd7 Kxd7 23.Nb3 Kd6 24.Rd1 Ne7 25.f3 b5 26.Kf2 Kc6 27.Nd4+ Kd6 28.
Nf5+ Nxf5 29.Bxf5 a5 30.Red3 Kc5 31.Be4 d4 32.cxd4+ Rxd4 33.Rc1+ Rc4 34.
Rd5+ 1-0

[Event "II Festival A"]
[Site "Lido degli Estensi - Comacchio ITA"]
[Date "2001.06.02"]
[Round "1"]
[White "Tomasi, Diego"]
[Black "Ristic, Nenad"]
[Result "0-1"]
[WhiteElo "2042"]
[BlackElo "2425"]
[PlyCount "66"]
[EventDate "2001.06.02"]

1.e4 c5 2.d4 cxd4 3.c3 Nf6 4.e5 Nd5 5.cxd4 e6 6.Nc3 Nxc3 7.bxc3 Qc7 8.Bd2 
d6 9.f4 Be7 10.Nf3 O-O 11.Bd3 b6 12.Qe2 Bb7 13.O-O Nd7 14.h4 Rac8 15.h5 
Bd5 16.h6 g6 17.Nh2 Rfd8 18.Ng4 Bc4 19.Nf2 Bxd3 20.Nxd3 Bf8 21.exd6 Qxd6 
22.Ne5 Bxh6 23.g4 Bg7 24.Nf3 Nf6 25.Ne5 Qd5 26.Rfe1 h5 27.f5 exf5 28.gxf5 
gxf5 29.Rac1 Ne4 30.Qg2 Nxd2 31.Qxd2 Bxe5 32.Qg5+ Bg7 33.Re5 Qf3 0-1

[Event "II Festival A"]
[Site "Lido degli Estensi - Comacchio ITA"]
[Date "2001.06.02"]
[Round "1"]
[White "Vismara, Daniele"]
[Black "Weinberg, Emanuele"]
[Result "1-0"]
[WhiteElo "2231"]
[BlackElo "1701"]
[PlyCount "85"]
[EventDate "2001.06.02"]

1.Nf3 Nf6 2.c4 g6 3.Nc3 Bg7 4.d4 c5 5.e4 cxd4 6.Nxd4 d6 7.Be2 Nbd7 8.O-O 
O-O 9.Be3 Nc5 10.f3 a5 11.Qd2 Re8 12.Ndb5 Bd7 13.e5 Nh5 14.g4 Bxe5 15.gxh5
Bh3 16.Rf2 gxh5 17.f4 Bf6 18.Bxc5 dxc5 19.Qxd8 Rexd8 20.Bxh5 Bf5 21.Rg2+ 
Kf8 22.Rd1 Bg7 23.Rgd2 Rxd2 24.Rxd2 Bh6 25.Ne2 e5 26.Rd5 Be6 27.Rxc5 exf4 
28.Bf3 Rd8 29.Nbd4 Bc8 30.Rxa5 Bg7 31.Rd5 Rxd5 32.Bxd5 b6 33.b4 Bg4 34.Kf2
Be5 35.Bf3 Bd7 36.b5 Bd6 37.a4 Bc5 38.Kg2 Kg7 39.Nb3 Be3 40.Nc3 Kf8 41.Nd5
Bf5 42.a5 bxa5 43.Nxe3 1-0

[Event "II Festival A"]
[Site "Lido degli Estensi - Comacchio ITA"]
[Date "2001.06.03"]
[Round "2"]
[White "Barletta, Antonio"]
[Black "Cedikova, Katerina"]
[Result "1/2-1/2"]
[WhiteElo "1902"]
[BlackElo "2137"]
[PlyCount "74"]
[EventDate "2001.06.02"]

1.e4 c5 2.Nc3 Nc6 3.f4 g6 4.Nf3 Bg7 5.Bc4 d6 6.d3 e6 7.f5 exf5 8.O-O Nge7 
9.Bg5 h6 10.Bh4 O-O 11.exf5 Bxf5 12.Nd5 Qd7 13.Nf6+ Bxf6 14.Bxf6 d5 15.Bb3
Qd6 16.Bh4 Bg4 17.Bg3 Qd8 18.Qd2 Nf5 19.Bf4 g5 20.Ne5 Nxe5 21.Bxe5 f6 22.
Bg3 Nxg3 23.hxg3 Kg7 24.Rae1 Qd6 25.Qf2 b6 26.c3 Rae8 27.d4 c4 28.Bc2 h5 
29.Re3 Rxe3 30.Qxe3 Rf7 31.Re1 Bd7 32.Kf2 a5 33.Qf3 Bg4 34.Qe3 Bd7 35.Qf3 
Bg4 36.Qe3 Bd7 37.Qf3 Bg4 1/2-1/2

[Event "II Festival A"]
[Site "Lido degli Estensi - Comacchio ITA"]
[Date "2001.06.03"]
[Round "2"]
[White "Borgo, Giulio"]
[Black "Lagrotteria, Salvatore"]
[Result "1-0"]
[WhiteElo "2408"]
[BlackElo "2201"]
[PlyCount "83"]
[EventDate "2001.06.02"]

1.c4 e5 2.Nc3 Nf6 3.Nf3 Nc6 4.e3 d6 5.a3 g6 6.d4 Bg4 7.Be2 Bg7 8.h3 Bd7 9.
b4 exd4 10.exd4 O-O 11.Bb2 Ne7 12.Qb3 c6 13.d5 Qc7 14.O-O Rae8 15.dxc6 
bxc6 16.Rfd1 h6 17.Rd2 Be6 18.Rad1 Rd8 19.Nd4 g5 20.Bf3 d5 21.Re2 h5 22.
Rxe6 fxe6 23.Nxe6 Qb6 24.Nxd8 Rxd8 25.cxd5 cxd5 26.Nxd5 Nfxd5 27.Bxd5+ Kh8
28.Bxg7+ Kxg7 29.Be4 Rf8 30.Qb2+ Kh6 31.Qd4 Rf6 32.Qxb6 axb6 33.Rd7 Ng6 
34.a4 g4 35.Bxg6 Kxg6 36.hxg4 hxg4 37.Rd5 Rc6 38.Rb5 Kf6 39.Kh2 Kf7 40.Kg3
Rg6 41.a5 bxa5 42.bxa5 1-0

[Event "II Festival A"]
[Site "Lido degli Estensi - Comacchio ITA"]
[Date "2001.06.03"]
[Round "2"]
[White "Bukal, Vladimir sr"]
[Black "Vismara, Daniele"]
[Result "1/2-1/2"]
[WhiteElo "2439"]
[BlackElo "2231"]
[PlyCount "128"]
[EventDate "2001.06.02"]

1.c4 c5 2.Nf3 Nf6 3.g3 b6 4.Bg2 Bb7 5.O-O e6 6.d4 cxd4 7.Qxd4 Nc6 8.Qf4 d6
9.Nc3 Be7 10.Rd1 Qb8 11.b3 Ne5 12.Bb2 O-O 13.e4 a6 14.Nd4 Nxc4 15.bxc4 e5 
16.Qd2 exd4 17.Qxd4 Bc6 18.Nd5 Bxd5 19.cxd5 Rc8 20.Rac1 Rc5 21.Bh3 Ra7 22.
Ba3 Rxc1 23.Rxc1 Rc7 24.Rxc7 Qxc7 25.Qa4 g6 26.Qc6 Qd8 27.e5 Ne4 28.f3 Nc5
29.f4 Bf8 30.Bf1 dxe5 31.Bc1 Bd6 32.fxe5 Bxe5 33.Bh6 a5 34.Kg2 Nd7 35.h4 
Nf6 36.Bc4 Ng4 37.Bg5 Qc7 38.Qe8+ Kg7 39.Be7 Qb8 40.Qxb8 Bxb8 41.Bb3 a4 
42.Bxa4 Ne3+ 43.Kf3 Nxd5 44.Bg5 f6 45.Bd2 Kf7 46.Bb3 Ke6 47.g4 f5 48.g5 
Be5 49.Be1 Kd6 50.Bf2 b5 51.Ba7 Bc3 52.Bb8+ Kc5 53.Ba7+ Kc6 54.Bf2 Kd6 55.
a4 bxa4 56.Bxa4 Ke5 57.Bg3+ f4 58.Bf2 Bd4 59.Be1 Bc3 60.Bf2 Bd4 61.Be1 Bc3
62.Bf2 Bd4 63.Be1 Bc3 64.Bf2 Bd4 1/2-1/2